Marcatori del Napoli in UEFA Europa League 2020-2021 - Statistics

Statistiche generali
  • Questo quiz è stato fatto 14 volte
  • Il punteggio medio è 5 su 7
Statistiche sulle risposte
Partita Minuto Marcatore % Corretto
AZ Alkmaar - Napoli 1-1 6' Dries Mertens
100%
Napoli - Real Sociedad 1-1 35' Piotr Zieliński
83%
Napoli - Granada 2-1 3' Piotr Zieliński
83%
Real Sociedad - Napoli 0-1 56' Matteo Politano
75%
Rijeka - Napoli 1-2 43' Diego Demme
67%
Napoli - Granada 2-1 59' Fabián Ruiz
67%
Napoli - Rijeka 2-0 75' Hirving Lozano
58%
Nessun quiz corrispondente trovato
Distribuzione punteggi
Percentuale di utenti per punteggio
Percentile per numero di risposta
I tuoi punteggi nel tempo
Non hai fatto questo quiz